000
00339nam a22001457a 4500
008
230613b ||||| |||| 00| 0 eng d
020
_a
9780736081672
041
_a
eng
080
_2
FOURTH EDITION
_a
615
082
_a
615PED
100
_a
22
101
_a
MI
245
_a
CONTEMPORARY SPORT MANAGEMENT
_c
PEDERSEN.M.P
942
_2
udc
_c
BK
999
_c
59944
_d
59944